Estrategias creativas en psicoterapia breve.

Na minha lista:
Detalhes bibliográficos
Autor principal: Ceberio, Marcelo R. (coordinador)
Outros Autores: García, Felipe E (coordinador)
Formato: Livro
Idioma:inglês
Publicado em: Santiago, Chile: RIL Editores, 2018
Edição:Primera edición.
Assuntos:
Tags: Adicionar Tag
Sem tags, seja o primeiro a adicionar uma tag!

MARC

LEADER 00000nam a22000007a 4500
003 CL-VaPUC
005 20220607115031.0
008 220523b2019 ||||| |||| 00| 0 eng d
999 |c 435691  |d 435689 
020 |a 978-956-01-0523-3 
040 |c Pontificia Universidad Católica de Valparaíso 
082 7 |a 616.89 CEB 2018  |2 22 
100 1 |a Ceberio, Marcelo R.  |e coordinador  |9 869649 
245 |a Estrategias creativas en psicoterapia breve.  
250 |a Primera edición.  
260 |a Santiago, Chile:   |b RIL Editores,   |c 2018 
300 |a 424 páginas  
583 |c 20220523  |k Cristina María Rojas Aguilar 
650 |a Psicoterapia   |9 869671 
650 |a Psicoterapia familiar   |9 310747 
700 |a García, Felipe E  |e coordinador  |9 869650 
942 |2 ddc  |c BK 
952 |0 0  |1 0  |2 ddc  |4 0  |6 616_890000000000000_CEB_2018  |7 0  |8 C_SENDA  |9 583220  |a BIBEDU  |b BIBEDU  |c ES_NOD  |d 2022-05-24  |e Comodato-SENDA  |i 5651351  |l 11  |m 4  |o 616.89 CEB 2018  |p 5651351  |r 2024-09-23  |s 2024-09-11  |t 1  |w 2022-05-24  |x 07472005101  |y BK  |k BME